Constitución del sujeto como empresario de sí: modos de subjetivación en el neoliberalismo/
El artículo examina cómo el neoliberalismo moldea la subjetividad a través de la construcción del individuo como empresario de sí mismo. Se analizan los modos en que esta lógica influye en la constitución del sujeto, promoviendo la autoexplotación, la competencia constante y la adaptación a las diná...
Saved in:
| Main Author: | |
|---|---|
| Format: | Book |
| Language: | Spanish |
| Subjects: | |
| Tags: |
Add Tag
No Tags, Be the first to tag this record!
|
MARC
| LEADER | 00000nam a22000007a 4500 | ||
|---|---|---|---|
| 003 | cru CIDCACS/IIS | ||
| 005 | 20230902202607.0 | ||
| 007 | ta | ||
| 008 | 180919s2015 ck ||||| |||| 00| 0 spa d | ||
| 040 | |c cru CIDCACS/IIS | ||
| 100 | 1 | |a González García, Leidy Yolanda |9 7722 | |
| 245 | 1 | |a Constitución del sujeto como empresario de sí: |b modos de subjetivación en el neoliberalismo/ |c Leidy Yolanda González García | |
| 300 | |a páginas 197-212 | ||
| 520 | |a El artículo examina cómo el neoliberalismo moldea la subjetividad a través de la construcción del individuo como empresario de sí mismo. Se analizan los modos en que esta lógica influye en la constitución del sujeto, promoviendo la autoexplotación, la competencia constante y la adaptación a las dinámicas del mercado. Se destaca cómo estas dinámicas impactan en la vida cotidiana y en la percepción del individuo sobre su propio valor y éxito, planteando reflexiones sobre los efectos sociales y psicológicos de este fenómeno en la sociedad contemporánea. RAR 02/2023 | ||
| 650 | 0 | |2 OCDE |9 129 |a NEOLIBERALISMO | |
| 650 | 0 | |2 OCDE |9 5348 |a SUBJETIVIDAD | |
| 650 | 7 | |2 OCDE |9 9352 |a COMPETENCIA | |
| 650 | 0 | |2 OCDE |9 6356 |a MERCADO LABORAL | |
| 650 | 0 | |2 UNESCO |9 4620 |a IDENTIDAD | |
| 650 | 0 | |2 UNESCO |9 11656 |a INDIVIDUALISMO | |
| 773 | 0 | |0 18817 |9 2294 |a Universidad Central. Instituto de Estudios Sociales Contemporáneos |d Bogotá: Colombia IESCO-Universidad Central |o 18768 |t NÓMADAS: |x 01217550 | |
| 942 | |2 ddc |c PP | ||
| 999 | |c 41714 |d 41714 | ||
